书目信息 |
| 题名: |
为了中华之崛起
|
|
| 作者: | 王永祥 , 刘品青 编 | |
| 分册: | ||
| 出版信息: | 天津 天津人民出版社 1980 |
|
| 页数: | 210页 | |
| 开本: | 19cm | |
| 丛书名: | ||
| 单 册: | ||
| 中图分类: | K827 | |
| 科图分类: | ||
| 主题词: | 人物--传记--中国 | |
| 电子资源: | ||
| ISBN: | ||
| 000 | 00727nam0 2200217 450 | |
| 001 | 0757368922 | |
| 005 | 20070118155904.93 | |
| 010 | @dRMB 0.66 | |
| 100 | @a20070118d1980 km y0chiy0120 ea | |
| 101 | 0 | @achi |
| 102 | @aCN@b120000 | |
| 200 | 1 | @a为了中华之崛起@Awei le zhong hua zhi jue qi@e周恩来青年时期的生活与斗争@f王永祥,刘品青编@Fwang yong xiang,liu pin qing bian |
| 210 | @a天津@c天津人民出版社@d1980 | |
| 215 | @a210页@d19cm | |
| 517 | 1 | @a周恩来青年时期的生活与斗争@Azhou en lai qing nian shi qi de sheng huo yu dou zheng |
| 606 | 0 | @a人物@x传记@x中国 |
| 690 | @aK827@v3 | |
| 701 | 0 | @a王永祥@Awang yong xiang@4编 |
| 701 | 0 | @a刘品青@Aliu pin qing@4编 |
| 801 | 0 | @aCN@bNISOFT@c20070118 |
| 905 | @a10447@dK827@eW437 | |
| 为了中华之崛起:周恩来青年时期的生活与斗争/王永祥,刘品青编.-天津:天津人民出版社,1980 |
| 210页;19cm |
| ISBN :RMB 0.66 |
| ● |
| 相关链接 |
|
|
|
正题名:为了中华之崛起
索取号:K827/W437
 
预约/预借
| 序号 | 登录号 | 条形码 | 馆藏地/架位号 | 状态 | 备注 |
| 1 | 445020 | 204450209 | 社科库309/309社科库 57排2列2层/ [索取号:K827/W437] | 在馆 |